000 00646cam a22002293a 4500
001 14650
003 PGUSA
005 20140828083319.0
008 050110s2005||||xxu|||||s|||||000 | eng d
040 _aPGUSA
_beng
042 _adc
050 4 _aPH
100 1 _aPakkala, Teuvo,
_d1862-1925
245 1 0 _aMeripoikia :
_bKolminäytöksinen huvinäytelmä
_h[electronic resource] /
_cTeuvo Pakkala
260 _bProject Gutenberg,
_c2005
506 _aPublic domain in the USA.
516 _aElectronic text
653 _aFinnish drama
830 0 _aProject Gutenberg
_v14650
856 4 0 _uhttp://www.gutenberg.org/ebooks/14650
942 _cEB
999 _c243905
_d243905